Self-dual codes and invariant theory / (Record no. 30090)

000 -LEADER
fixed length control field 00755 a2200217 4500
020 ## - INTERNATIONAL STANDARD BOOK NUMBER
International Standard Book Number 354030729X
020 ## - INTERNATIONAL STANDARD BOOK NUMBER
International Standard Book Number 9783540307297
082 ## - DEWEY DECIMAL CLASSIFICATION NUMBER
Classification number 003.54
090 ## - LOCALLY ASSIGNED LC-TYPE CALL NUMBER (OCLC); LOCAL CALL NUMBER (RLIN)
-- 1479
-- 1479
100 1# - MAIN ENTRY--PERSONAL NAME
Personal name Nebe, Gabriele.
245 10 - TITLE STATEMENT
Title Self-dual codes and invariant theory /
Statement of responsibility, etc. Gabriele Nebe, Eric M. Rains, Neil J. A. Sloane.
250 ## - EDITION STATEMENT
Edition statement 2006th ed.
260 ## - PUBLICATION, DISTRIBUTION, ETC.
Place of publication, distribution, etc. [S.l.] :
Name of publisher, distributor, etc. Springer,
Date of publication, distribution, etc. 2006.
300 ## - PHYSICAL DESCRIPTION
Extent 457 p. ;
Dimensions 25 cm.
490 1# - SERIES STATEMENT
Series statement Algorithms and computation in mathematics.
700 1# - ADDED ENTRY--PERSONAL NAME
Personal name Rains, Eric M.
700 1# - ADDED ENTRY--PERSONAL NAME
Personal name Sloane, Neil J. A.
830 #0 - SERIES ADDED ENTRY--UNIFORM TITLE
Uniform title Algorithms and computation in mathematics.
942 ## - ADDED ENTRY ELEMENTS (KOHA)
Institution code [OBSOLETE] SNS
Koha item type Book
Call number prefix 003.54 NEB
Holdings
Withdrawn status Lost status Damaged status Not for loan Permanent Location Current Location Date acquired Total Checkouts Full call number Barcode Date last seen Price effective from Koha item type
        School of Natural Sciences (SNS) School of Natural Sciences (SNS) 05/26/2016   003.54 NEB SNS0000600 05/26/2016 05/26/2016 Book
© 2023 Central Library, National University of Sciences and Technology. All Rights Reserved.